The Jesuit Mission to New France (Record no. 66480)

MARC details
000 -LEADER
fixed length control field 01532nam a2200253Ii 4500
008 - FIXED-LENGTH DATA ELEMENTS--GENERAL INFORMATION
fixed length control field 221202s xx 000 0 und d
100 1# - MAIN ENTRY--PERSONAL NAME
Personal name Abé, Takao,
Relator term author
245 #4 - TITLE STATEMENT
Title The Jesuit Mission to New France
246 ## - VARYING FORM OF TITLE
Title proper/short title A New Interpretation in the Light of the Earlier Jesuit Experience in Japan
264 ## - PRODUCTION, PUBLICATION, DISTRIBUTION, MANUFACTURE, AND COPYRIGHT NOTICE
Name of producer, publisher, distributor, manufacturer Brill
Date of production, publication, distribution, manufacture, or copyright notice 2010
300 ## - PHYSICAL DESCRIPTION
Extent 1 online resource (248 pages)
336 ## - CONTENT TYPE
Content type term text
Content type code txt
Source rdacontent
337 ## - MEDIA TYPE
Media type term computer
Media type code c
Source rdamedia
338 ## - CARRIER TYPE
Carrier type term online resource
Carrier type code cr
Source rdacarrier
490 ## - SERIES STATEMENT
Series statement Studies in the History of Christian Traditions
520 ## - SUMMARY, ETC.
Summary, etc. A new interpretation of the Jesuit mission to New France is here proposed by using, for comparison and contrast, the earlier Jesuit experience in Japan. In order to present revisionist perspectives of the Jesuit missions based on a broader international framework beyond North America, the existing historical paradigms of the Jesuit missionary activity to Amerindians based on the limited regional history of New France are re-examined. Readership: those interested in New France history, in missionary history, in global communication, or in intercultural communication
653 ## - INDEX TERM--UNCONTROLLED
Uncontrolled term Christianity
653 ## - INDEX TERM--UNCONTROLLED
Uncontrolled term Early Modern History Asian Studies
653 ## - INDEX TERM--UNCONTROLLED
Uncontrolled term History
653 ## - INDEX TERM--UNCONTROLLED
Uncontrolled term Indigenous Peoples Of The Americas
653 ## - INDEX TERM--UNCONTROLLED
Uncontrolled term Japan
856 ## - ELECTRONIC LOCATION AND ACCESS
Uniform Resource Identifier <a href="https://library.oapen.org/bitstream/20.500.12657/38169/4/9789004209657_webready_content_text.pdfhttps://brill.com/abstract/title/19569http://library.oapen.org/handle/20.500.12657/31511">https://library.oapen.org/bitstream/20.500.12657/38169/4/9789004209657_webready_content_text.pdfhttps://brill.com/abstract/title/19569http://library.oapen.org/handle/20.500.12657/31511</a>
942 ## - ADDED ENTRY ELEMENTS (KOHA)
Koha item type E-Book
Holdings
Withdrawn status Damaged status Not for loan Home library Current library Date acquired Total Checkouts Date last seen Price effective from Koha item type
      Directory of Open Access Books Directory of Open Access Books 11/28/2022   11/28/2022 11/28/2022 E-Book

University of Rizal System
Email us at univlibservices@urs.edu.ph

Visit our Website www.urs.edu.ph/library